000 01652cam a2200397 i 4500
999 _c16635
_d16635
001 16870190
005 20161116091535.0
008 110713t20132013cauabc 001 0 eng d
010 _a 2011934330
016 7 _a016040344
_2Uk
020 _a9781111988937
020 _a1111988935
035 _a(OCoLC)ocn741539226
040 _aBTCTA
_beng
_erda
_cBTCTA
_dYDXCP
_dYPM
_dBWX
_dUKMGB
_dDLC
042 _alccopycat
050 0 0 _aGE105.M544 2013
_b.M544 2013
100 1 _aMiller, G. Tyler
_q(George Tyler),
_d1931-
245 1 0 _aEnvironmental science /
_cG. Tyler Miller, Scott E. Spoolman.
250 _a14th edition.
300 _axiv, 465, [85] pages :
_bcolor illustrations., maps, ports. ;
_c28 cm
500 _aIncludes index.
650 0 _aEnvironmental sciences
_vTextbooks.
650 0 _aHuman ecology
_vTextbooks.
650 0 _aEnvironmental protection
_vTextbooks.
700 1 _aSpoolman, Scott.
856 4 2 _3Publisher description
_uhttp://www.loc.gov/catdir/enhancements/fy1212/2011934330-d.html
856 4 1 _3Table of contents only
_uhttp://www.loc.gov/catdir/enhancements/fy1212/2011934330-t.html
856 4 2 _3Contributor biographical information
_uhttp://www.loc.gov/catdir/enhancements/fy1303/2011934330-b.html
906 _a7
_bcbc
_ccopycat
_d2
_eepcn
_f20
_gy-gencatlg
942 _2lcc
_cBOOKS
_hGE105.M544 2013